Điều tra sơ khởi vầ thành phần loài và mật số của nhện (areneae, arachnida) và vai trò thiên địch của chúng trên vườn cây ăn trái ở Tỉnh Vĩnh Long

Đề tài được thực hiện từ tháng 7 năm 1997 tới tháng 4 năm 1998 tại Vĩnh Long, gồm 2 phần: điều tra thành phần lòai và mật số nhận trên 4 lọai cây ăn trái quan trọng ở Vĩnh Long và khảo sát khả năng ăn mồi của một số loài nhện phổ biến...

Täydet tiedot

Tallennettuna:
Bibliografiset tiedot
Päätekijä: Huỳnh, Công Tuấn
Aineistotyyppi: Kirja
Kieli:Undetermined
Julkaistu: Cần Thơ Trường Đại học Cần Thơ 1998
Aiheet:
Tagit: Lisää tagi
Ei tageja, Lisää ensimmäinen tagi!
Thư viện lưu trữ: Trung tâm Học liệu Trường Đại học Cần Thơ
LEADER 01312nam a2200217Ia 4500
001 CTU_83326
008 210402s9999 xx 000 0 und d
082 |a 632.9 
082 |b T502 
088 |a 040100 
100 |a Huỳnh, Công Tuấn 
245 0 |a Điều tra sơ khởi vầ thành phần loài và mật số của nhện (areneae, arachnida) và vai trò thiên địch của chúng trên vườn cây ăn trái ở Tỉnh Vĩnh Long 
245 0 |c Huỳnh Công Tuấn 
260 |a Cần Thơ 
260 |b Trường Đại học Cần Thơ 
260 |c 1998 
520 |a Đề tài được thực hiện từ tháng 7 năm 1997 tới tháng 4 năm 1998 tại Vĩnh Long, gồm 2 phần: điều tra thành phần lòai và mật số nhận trên 4 lọai cây ăn trái quan trọng ở Vĩnh Long và khảo sát khả năng ăn mồi của một số loài nhện phổ biến được ghi nhận trong quá trình điều tra để thấy được vai trò thiên địch của chúng 
650 |a Plants, protection of,Plants 
650 |x Diseases and pests resistance 
904 |i Mai Loan, QHieu 
980 |a Trung tâm Học liệu Trường Đại học Cần Thơ